Statistics for Fifa 20 Top 25 Germany Players

Click here to take the quiz!

General Stats

  • This quiz has been taken 37 times
  • The average score is 19 of 25

Answer Stats

RatingTeamPlayer% Correct
90FC BarcelonaMarc-Andre Ter Stegen
97%
88Bayern MunichManuel Neuer
94%
88Borussia DortmundMarco Reus
94%
84ArsenalMesut Ozil
94%
86Bayern MunichThomas Muller
94%
86RB LeipzigTimo Werner
94%
88Real MadridToni Kroos
94%
84Manchester CityIlkay Gundogan
91%
87Borussia DortmundMats Hummels
91%
86Bayern MunichJoshua Kimmich
88%
86Manchester CityLeroy Sane
85%
84Bayern MunichJerome Boateng
82%
83PSGJulian Draxler
79%
82ChelseaAntonio Rudiger
76%
84Bayer LeverkusenKai Havertz
76%
85Bayern MunichNiklas Sule
76%
84Bayern MunichSerge Gnabry
76%
84ArsenalBernd Leno
73%
83Piemonte CalcioSami Khedira
73%
82Borussia DortmundMario Gotze
64%
84Bayern MunichLeon Goretzka
61%
84Borussia DortmundJulian Brandt
58%
83Bayer LeverkusenJonathan Tah
42%
83Eintracht FrankfurtKevin Trapp
42%
83FenerbahceMax Kruse
36%

Score Distribution

Percentile by Number Answered

Percent of People with Each Score

Your Score History

You have not taken this quiz